Las madres (Record no. 54600)

MARC details
000 -LEADER
campo de control de longitud fija 00797nam a22002175i 4500
001 - NÚMERO DE CONTROL
campo de control 54600
003 - IDENTIFICADOR DE NÚMERO DE CONTROL
campo de control ES-MaACL
005 - FECHA Y HORA DE LA ÚLTIMA TRANSACCIÓN
campo de control 20250616063043.0
007 - CAMPO FIJO DE DESCRIPCIÓN FÍSICA--INFORMACIÓN GENERAL
campo de control de longitud fija t|
008 - DATOS DE LONGITUD FIJA--INFORMACIÓN GENERAL
campo de control de longitud fija 960724s1872 sp ||||1| spa d
100 0# - ENTRADA PRINCIPAL--NOMBRE DE PERSONA
Nombre de persona Frontaura, Carlos,
Fechas asociadas al nombre 1834-1910
9 (RLIN) 52739
245 14 - MENCIÓN DEL TÍTULO
Título Las madres
Resto del título : cuentos de salón /
Mención de responsabilidad, etc. Carlos Frontaura.
260 ## - PUBLICACIÓN, DISTRIBUCIÓN, ETC.
Lugar de publicación, distribución, etc. Madrid :
Nombre del editor, distribuidor, etc. [s.n.],
Fecha de publicación, distribución, etc. 1872 (
Fabricante Imp., Fundición y Estereotipia de Juan Aguado)
300 ## - DESCRIPCIÓN FÍSICA
Extensión 290 p. ;
Dimensiones 18 cm.
490 1# - MENCIÓN DE SERIE
Mención de serie Biblioteca de la familia. Cuentos de salón
530 ## - NOTA DISPONIBLE DE FORMULARIO FÍSICO ADICIONAL
Nota de formato físico adicional disponible Disponible en formato digital.
830 1# - PUNTO DE ACCESO ADICIONAL DE SERIE-TÍTULO UNIFORME
Título uniforme Biblioteca de la familia. Cuentos de salón
9 (RLIN) 230301
852 4# - LOCALIZACIÓN
Ubicación ES-MaACL
Número de control de estantería G-10952(2)
856 ## - LOCALIZACIÓN Y ACCESO ELECTRÓNICOS
Identificador Uniforme de Recursos <a href="http://bdh-rd.bne.es/viewer.vm?id=0000104892&page=1 ">http://bdh-rd.bne.es/viewer.vm?id=0000104892&page=1 </a>
Nota pública Biblioteca Digital Hispánica
Holdings
Estatus retirado Estado de pérdida Estado de daño No para préstamo Colección Biblioteca de origen Biblioteca actual Ubicación en estantería Fecha de adquisición Fuente de adquisición Total de préstamos Signatura topográfica completa Código de barras Visto por última vez Precio de reemplazo Tipo de ítem Koha
        Colección digital Biblioteca del Ateneo de Madrid Biblioteca del Ateneo de Madrid Sala Pecera Planta 3 17/01/2008     G-10952(2) 1057372 23/02/2023 23/02/2023 Libro impreso antiguo